| 000 | 00565nam a2200205 4500 | ||
|---|---|---|---|
| 001 | 121433 | ||
| 003 | ES-MaACL | ||
| 005 | 20230906191742.0 | ||
| 007 | t| | ||
| 008 | 070214s1970 sp r ||||1| spa d | ||
| 080 | _a821.134.2-31"19" | ||
| 100 | 1 |
_aPorcel, Baltasar. _993114 |
|
| 245 | 1 | 4 |
_aLos alacranes : _bnovela / _cBaltasar Porcel ; traducción de A.R. |
| 260 |
_aBarcelona : _bPlaza & Janés, _c1970. |
||
| 300 |
_a199 p. : _bil. ; _c19 cm. |
||
| 490 | 1 | _aRotativa | |
| 830 | 1 |
_aRotativa _9179597 |
|
| 852 | 4 |
_aES-MaACL _jC-40557 |
|
| 999 |
_c121433 _d121433 |
||